000 00482nam a22001697a 4500
003 LK-CoMWRAF
005 20231225111121.0
008 231225b2001 |||||||| |||| 00| 0 eng d
040 _aLK-CoMWRAF
_dLK-CoMWRAF
_eLK-CoMWRAF
041 _aeng
082 _a307.14
_bPSY
245 _a PIADS:
_bA Collaborative Effort for an Area Development
260 _aNegambo:
_bNational Fisheries Solidarity,
_c2001
650 _aRURAL DEVELOPMENT
700 _aKumara. Herman
_eed.
942 _cBK
999 _c4556
_d4556